Xử lý ion F- trong nước giả thải bằng phương pháp tạo kết tủa cryolite và tìm hiểu ứng dụng kết tủa vào vật liệu trám răng : Luận văn tốt nghiệp Cao học. Chuyên ngành Kỹ thuật hóa học

Xử lý ion fluoride trong nước giả thải bằng cách tạo kết tủa cryolite. Xác định thành phần kết tủa thu được sau phản ứng. Tìm hiểu ứng dụng của cryolite trong lĩnh vực vật liệu nha khoa (xi măng trám răng).

Wedi'i Gadw mewn:
Manylion Llyfryddiaeth
Prif Awdur: Nguyễn, Đặng Thy Thy
Fformat: Llyfr
Iaith:Undetermined
Cyhoeddwyd: Cần Thơ Trường Đại học Cần Thơ 2019
Pynciau:
Tagiau: Ychwanegu Tag
Dim Tagiau, Byddwch y cyntaf i dagio'r cofnod hwn!
Thư viện lưu trữ: Trung tâm Học liệu Trường Đại học Cần Thơ
LEADER 01264nam a2200217Ia 4500
001 CTU_232088
008 210402s9999 xx 000 0 und d
082 |a 660.28424 
082 |b Th600 
088 |a 8520301 
100 |a Nguyễn, Đặng Thy Thy 
245 0 |a Xử lý ion F- trong nước giả thải bằng phương pháp tạo kết tủa cryolite và tìm hiểu ứng dụng kết tủa vào vật liệu trám răng : 
245 0 |b Luận văn tốt nghiệp Cao học. Chuyên ngành Kỹ thuật hóa học 
245 0 |c Nguyễn Đặng Thy Thy ; Lương Huỳnh Vủ Thanh, Ngô Trương Ngọc Mai (Cán bộ hướng dẫn) 
260 |a Cần Thơ 
260 |b Trường Đại học Cần Thơ 
260 |c 2019 
520 |a Xử lý ion fluoride trong nước giả thải bằng cách tạo kết tủa cryolite. Xác định thành phần kết tủa thu được sau phản ứng. Tìm hiểu ứng dụng của cryolite trong lĩnh vực vật liệu nha khoa (xi măng trám răng). 
650 |a Chemical processes,Quá trình hóa học 
910 |b nthai 
980 |a Trung tâm Học liệu Trường Đại học Cần Thơ